Sports Quiz

Random Sports or WWE Quiz

Last person eliminated at Royal Rumble Quiz Stats

 Plays Quiz not verified by Sporcle

Challenge
Share
Tweet
Embed
Score 0/23 Timer 05:00
0 Plays Today
Year Eliminated % Correct
2005John Cena
93.4%
2010John Cena
93.4%
2008Triple H
92.7%
2009Triple H
91.3%
1999Steve Austin
89.9%
2006Randy Orton
89.2%
1997Bret Hart
88.9%
2000The Big Show
88.9%
2004The Big Show
88.9%
1994Shawn Michaels
87.8%
2007Shawn Michaels
87.8%
2003The Undertaker
86.5%
Year Eliminated % Correct
1998The Rock
86.1%
2001Kane
82.6%
2002Kurt Angle
79.2%
1993Randy Savage
75.7%
1995British Bulldog
75%
1996Diesel
67.4%
1989Ted DiBiase
63.2%
1990Curt Hennig
61.5%
1992Sid Justice
55.9%
1991Earthquake
54.9%
1988One Man Gang
52.8%

You're not logged in!

Compare scores with friends on all Sporcle quizzes.
OR
Log In

You Might Also Like...

Show Comments

Extras

Created Aug 27, 2010ReportNominate
Tags:WWE Quiz, Royal Rumble, WWF

Top Quizzes Today


Score Distribution

Your Account Isn't Verified!

In order to create a playlist on Sporcle, you need to verify the email address you used during registration. Go to your Sporcle Settings to finish the process.

Report this User

Report this user for behavior that violates our Community Guidelines.

Details: